[Event "Stari Banovci Vidovdan op"]
[Site "Stari Banovci"]
[Date "2017.07.04"]
[Round "8"]
[White "Simjanovski, Zaharije"]
[Black "Grcic, Vukasin"]
[Result "0-1"]
[WhiteElo "1766"]
[BlackElo "2225"]
[PlyCount "34"]
[EventDate "2017.06.28"]
[EventType "swiss"]
[EventRounds "9"]
[EventCountry "SRB"]
[SourceTitle "EXT 2018"]
[Source "ChessBase"]
[SourceDate "2017.10.13"]
[SourceVersion "1"]
[SourceVersionDate "2017.10.13"]
[SourceQuality "1"]

1. Nf3 Nf6 2. d4 g6 3. Bf4 Bg7 4. e3 0-0 5. Be2 c5 6. c3 d6 7. Nbd2 Nc6 8. h3 cxd4 9. exd4 e5 10. dxe5 dxe5 11. Nxe5 Nd5 12. Nxc6 bxc6 13. Bg3 Re8 14. Rc1 Ba6 15. c4 Bxb2 16. Rc2 Nc3 17. Rxc3 Bxc3 0-1

[Event "Stari Banovci Vidovdan op"]
[Site "Stari Banovci"]
[Date "2017.07.01"]
[Round "4"]
[White "Gavric, Zivojin"]
[Black "Simjanovski, Zaharije"]
[Result "0-1"]
[WhiteElo "2080"]
[BlackElo "1766"]
[PlyCount "55"]
[EventDate "2017.06.28"]
[EventType "swiss"]
[EventRounds "9"]
[EventCountry "SRB"]
[SourceTitle "EXT 2018"]
[Source "ChessBase"]
[SourceDate "2017.10.13"]
[SourceVersion "1"]
[SourceVersionDate "2017.10.13"]
[SourceQuality "1"]

1. d4 d5 2. Nf3 g6 3. Bf4 Bg7 4. e3 Nf6 5. Bd3 Bg4 6. h3 Bxf3 7. Qxf3 Nbd7 8. Nd2 c5 9. c3 Rc8 10. 0-0 0-0 11. g4 e6 12. Bg5 cxd4 13. cxd4 Qb6 14. Nb3 e5 15. dxe5 Nxe5 16. Qe2 Ne4 17. Be7 Rfe8 18. Ba3 Qf6 19. Kg2 Qh4 20. Bxe4 dxe4 21. Bd6 h5 22. Bxe5 Rxe5 23. f4 exf3+ 24. Qxf3 hxg4 25. hxg4 Rc2+ 26. Rf2 Rxf2+ 27. Qxf2 Qxg4+ 28. Qg3 0-1

[Event "Stari Banovci Vidovdan op"]
[Site "Stari Banovci"]
[Date "2017.07.01"]
[Round "5"]
[White "Simjanovski, Zaharije"]
[Black "Radlovacki, Jovan"]
[Result "0-1"]
[WhiteElo "1766"]
[BlackElo "2384"]
[PlyCount "84"]
[EventDate "2017.06.28"]
[EventType "swiss"]
[EventRounds "9"]
[EventCountry "SRB"]
[SourceTitle "EXT 2018"]
[Source "ChessBase"]
[SourceDate "2017.10.13"]
[SourceVersion "1"]
[SourceVersionDate "2017.10.13"]
[SourceQuality "1"]

1. Nf3 d6 2. d4 Nf6 3. Bf4 c6 4. c3 Nbd7 5. Nbd2 g6 6. h3 Bg7 7. e4 0-0 8. Bc4 Nh5 9. Bg5 h6 10. Be3 e5 11. 0-0 Qf6 12. Nh2 Kh7 13. Ng4 Qe7 14. dxe5 dxe5 15. Nf3 Nc5 16. Qc2 Nf4 17. b4 Nd7 18. Rad1 h5 19. Rxd7 Bxd7 20. Bc5 Qd8 21. Ngxe5 Bxe5 22. Nxe5 Qg5 23. g3 Nxh3+ 24. Kh2 Qxe5 25. f4 Qg7 26. Rd1 Bg4 27. Bxf8 Qxf8 28. Rd4 Rd8 29. Qd2 Rxd4 30. cxd4 Qe7 31. Bf1 Qxe4 32. Bxh3 Bxh3 33. Kxh3 Qh1+ 34. Qh2 Qxh2+ 35. Kxh2 Kg7 36. Kg2 Kf6 37. Kf3 Kf5 38. a4 f6 39. Ke3 g5 40. b5 gxf4+ 41. gxf4 a5 42. bxc6 bxc6 0-1